| 000 | 01046nam a2200277Ia 4500 | ||
|---|---|---|---|
| 001 | ebr10084470 | ||
| 003 | CaPaEBR | ||
| 006 | m u | ||
| 007 | cr cn||||||||| | ||
| 008 | 031229s2005 maua s 001 0 eng d | ||
| 020 | _z159200914X | ||
| 040 |
_aCaPaEBR _cCaPaEBR |
||
| 035 | _a(OCoLC)614770946 | ||
| 050 | 1 | 4 |
_aGV1469.15 _b.K37 2005eb |
| 100 | 1 | _aKarayanis, Catherine. | |
| 245 | 1 | 0 |
_aWinning secrets of online blackjack _h[electronic resource] / _cCatherine Karayanis. |
| 260 |
_aBoston : _bThompson Course Technology, _cc2005. |
||
| 300 |
_axvi, 317 p. : _bill. |
||
| 500 | _aIncludes index. | ||
| 533 |
_aElectronic reproduction. _bPalo Alto, Calif. : _cebrary, _d2009. _nAvailable via World Wide Web. _nAccess may be limited to ebrary affiliated libraries. |
||
| 650 | 0 | _aComputer games. | |
| 650 | 0 | _aBlackjack (Game) | |
| 655 | 7 |
_aElectronic books. _2local |
|
| 710 | 2 | _aebrary, Inc. | |
| 856 | 4 | 0 |
_uhttp://site.ebrary.com/lib/rucke/Doc?id=10084470 _zAn electronic book accessible through the World Wide Web; click to view |
| 999 |
_c65938 _d65938 |
||